000 00753nas a2200265 4500
001 BR8900835
003 BR-BrBNA
005 20231205091441.0
007 ta
008 230509b bl.|||p| |||| 00| 00por d
040 _aBR-BrBNA
_bpor
_cBiblioteca Nacional de Agricultura
041 _a(Pt)
072 _aL02; Q54
100 1 _aMcCulloug, M.E.
245 1 _aNovos conceitos sobre silagem para gado leiteiro
650 _aGADO LEITEIRO
650 _aSILAGEM
650 _aPLANTA FORRAGEIRA
650 _aVALOR NUTRITIVO
650 _aVOLUMOSOS
650 _aACIDO LATICO
773 0 _tGado Holandes (Brazil)
_xISSN 0101-7977
_g(Dec 1988), v. 54(157) p. 24-28
_wBR8900835
909 _a202311
_bLúcia
_c55
_dLúcia Elande
942 _2AGRIS
_n0
_cANA
999 _c125170
_d125170